000 00602cam a22002293a 4500
001 2022
003 PGUSA
005 20140828083009.0
008 000101s2000||||xxu|||||s|||||000 | eng d
040 _aPGUSA
_beng
042 _adc
050 4 _aSH
100 1 _aLang, Andrew,
_d1844-1912
245 1 0 _aAngling Sketches
_h[electronic resource] /
_cAndrew Lang
260 _bProject Gutenberg,
_c2000
506 _aPublic domain in the USA.
516 _aElectronic text
653 _aFishing
830 0 _aProject Gutenberg
_v2022
856 4 0 _uhttp://www.gutenberg.org/ebooks/2022
942 _cEB
999 _c231361
_d231361